000 00332nam a22001457a 4500
008 180813b xxu||||| |||| 00| 0 eng d
020 _a9781402073199
041 _aeng
080 _a616.120
082 _a616.120 RYC
100 _a7
101 _aKAR
245 _aHypoplastic left heart syndrome
_cRYCHIK.J
942 _2udc
_cBK
999 _c47031
_d47031